Parc du château de Montesquiu : itinéraires balisés itinéraires balisés
Descripción Física:
1 fulletó desplegable : il. col. ; 31 x 20 cm
Materias:
Parc del Castell de Montesquiu (Catalunya) -- Guies
; Espais Naturals -- Catalunya
; Fulletons
Idioma:
French
MARC
| LEADER | 00000nem a2200000 a 4500 | ||
|---|---|---|---|
| 001 | 25337 | ||
| 003 | Arxiu | ||
| 005 | 20260324181102.0 | ||
| 008 | 220428b spa||||| |||| 00| 0 fre d | ||
| 017 | |a DL B 5739-2020 | ||
| 080 | |a FU-68-24 | ||
| 110 | 1 | |9 52663 |a Parc del Castell de Montesquiu (Catalunya) | |
| 245 | |a Parc du château de Montesquiu : |b itinéraires balisés | ||
| 250 | |a Première edition | ||
| 260 | |a Barcelona : |b Diputació de Barcelona. Xarxa de Parcs Naturals, |c 2020 | ||
| 300 | |a 1 fulletó desplegable : |b il. col. ; |c 31 x 20 cm | ||
| 500 | |a Conté plànol d'itineraris senyalitzats i consells útils d'estada del Parc del Castell de Montesquiu | ||
| 610 | 1 | 0 | |9 52681 |a Parc del Castell de Montesquiu (Catalunya) |v Guies |
| 650 | 0 | |9 49616 |a Espais Naturals |x Catalunya | |
| 655 | 0 | |a Fulletons |9 55858 | |
| 710 | 1 | |a Barcelona (Catalunya : Província). |b Xarxa de Parcs Naturals |9 7250 | |
| 942 | |2 udc |n 1 |c ARXIU | ||
| 952 | |0 0 |1 0 |4 0 |6 FU6824 |7 1 |9 61412 |a Arxiu |b Arxiu |d 2022-04-28 |l 0 |o FU-68-24 |p 25337 |r 2022-04-28 00:00:00 |w 2022-04-28 |y ARXIU | ||
| 999 | |c 81365 |d 81365 | ||